LIBRARY & INFORMATION CENTRE, KCAET, TAVANUR

ONLINE PUBLIC ACCESS CATALOGUE (OPAC)

Gazetteers of India, Vol 1 / (Record no. 8509)

MARC details
000 -LEADER
fixed length control field 00404cam a2200157ua 4500
041 ## - LANGUAGE CODE
Language code of text/sound track or separate title eng
082 ## - DEWEY DECIMAL CLASSIFICATION NUMBER
Classification number 028.799154
Item number KAB/GA
100 ## - MAIN ENTRY--AUTHOR NAME
Personal name Kabir, Humayun .
245 00 - TITLE STATEMENT
Title Gazetteers of India, Vol 1 /
250 ## - EDITION STATEMENT
Edition statement 1 /
260 ## - PUBLICATION, DISTRIBUTION, ETC. (IMPRINT)
Place of publication India :
Name of publisher Ministry of I&B, Govt. of India ,
Year of publication 1965.
300 ## - PHYSICAL DESCRIPTION
Number of Pages 652 ; .
942 ## - ADDED ENTRY ELEMENTS (KOHA)
Koha item type Books
Holdings
Withdrawn status Lost status Damaged status Home library Current library Date acquired Full call number Accession Number Koha item type
      KAUAET KAUAET 07/04/2012 028.799154 10320 Reference
free website counter